000 00743nam a2200289Ia 4500
005 20260324120236.0
008 008 260324s9999 xx 000 0 eng d
020 _a9781003423676
037 _aEBOOK
040 _aCRL
040 _beng
040 _cCRL
041 _2eng
041 _aeng
084 _qCRL
100 _aKatrin Muff; Mike Townsend
_91157788
245 0 _aReframing the Game: The Transition to a New Sustainable Economy
245 2 _bA Special Issue of Building Sustainable Legacies
260 _bTaylor and Francis
260 _c2015
365 _a
365 _b210
856 _uhttp://www.taylorfrancis.com/books/9781003423676
942 _cEBOOK
999 _c1749221
_d1749221